00813 2200289 4500001002100000005001700021008004100038020002200079035002500101040001200126082001500138090002200153100002400175245009000199250000900289260003600298300003200334500001100366504003100377650001100408700001500419700002300434850001200457990001800469990001800487990001800505INLIS00000000000448120150804155824.0  a978-602-97507-9-9 a0010-041500000001547 aYOPDYOG 223a791.53 aNUSb791.53 Ard W aARDIAN Purwoseputro aWayang potehi of Javac/ Ardian Purwoseputro; Editor, David Kwa dan Gregory Churchill aEd.1 aJakartabAfterhours Booksc2014 a289 hlm.b: ilus.c; 29 cm. 3Indeks aBibliografi : hlm. 286-287 aWayang aKWA, David aCHURCHILL, Gregory aYOPDYOG a11967-PD/B.15 a11968-PD/B.15 a11969-PD/B.15